000 00335nam a2200133Ia 4500
008 240624s9999 xx 000 0 und d
041 _aeng
082 _a363.7 CLA
100 _aCLARKE TRACYLEE
245 _aENVIRONMENTAL CONFLICT MANAGEMENT
260 _c2016
_aLondon
_bSage
300 _axvi, : 230 : p. : cm. ; 25
365 _c
_b38
999 _c27579
_d27579